Tratado de psicología del niño (Record no. 34286)

MARC details
000 -LEADER
campo de control de longitud fija 00758nam a2200241 i 4500
001 - NÚMERO DE CONTROL
campo de control 34286
003 - IDENTIFICADOR DE NÚMERO DE CONTROL
campo de control ES-MaACL
005 - FECHA Y HORA DE LA ÚLTIMA TRANSACCIÓN
campo de control 20250823063035.0
007 - CAMPO FIJO DE DESCRIPCIÓN FÍSICA--INFORMACIÓN GENERAL
campo de control de longitud fija t|
008 - DATOS DE LONGITUD FIJA--INFORMACIÓN GENERAL
campo de control de longitud fija 030204s1979 sp ||||1| spa d
100 1# - ENTRADA PRINCIPAL--NOMBRE DE PERSONA
Nombre de persona Bloch, Marc-André.
9 (RLIN) 29516
245 10 - MENCIÓN DEL TÍTULO
Título Tratado de psicología del niño
Resto del título : desarrollo afectivo y moral /
Mención de responsabilidad, etc. Marc-André Bloch, H. Gratiot-Alphandéry.
250 ## - MENCION DE EDICION
Mención de edición 2ª ed.
260 ## - PUBLICACIÓN, DISTRIBUCIÓN, ETC.
Lugar de publicación, distribución, etc. Madrid :
Nombre del editor, distribuidor, etc. Morata,
Fecha de publicación, distribución, etc. [1979]
300 ## - DESCRIPCIÓN FÍSICA
Extensión 191 p. ;
Dimensiones 24 cm.
490 1# - MENCIÓN DE SERIE
Mención de serie Colección psicología (Morata)
RLIN 218542
500 ## - NOTA GENERAL
Nota general Tomo IV.
700 1# - ENTRADA AGREGADA--NOMBRE PERSONAL
Nombre de persona Gratiot-Alphandéry, Hélène.
9 (RLIN) 59721
830 #0 - PUNTO DE ACCESO ADICIONAL DE SERIE-TÍTULO UNIFORME
Título uniforme Colección psicología (Morata)
9 (RLIN) 218542
852 ## - LOCALIZACIÓN
Ubicación ES-MaACL
Número de control de estantería A-9791
Sublocalización o colección R.98868
942 ## - ELEMENTOS DE ENTRADA SECUNDARIOS (KOHA)
Fuente del sistema de clasificación o colocación Clasificación decimal universal
Holdings
Estatus retirado Estado de pérdida Estado de daño No para préstamo Biblioteca de origen Biblioteca actual Ubicación en estantería Fecha de adquisición Fuente de adquisición Total de préstamos Signatura topográfica completa Código de barras Visto por última vez Precio de reemplazo Tipo de ítem Koha
        Biblioteca del Ateneo de Madrid Biblioteca del Ateneo de Madrid Depósito 1 17/01/2008     A-9791 1035759 23/02/2023 23/02/2023 Libro impreso